Statistiques concernant La réponse contient bib

Cliquez ici pour prendre le quiz!

Statistiques générales

  • Ce quiz a été pris 66 fois
  • Le résultat moyen est 6 sur 15

Statistiques - réponses

HintRéponse% Correct
L'abréviation de la marque déposée Bag-in-BoxBIB
100%
Un mime enrhuméBibe
94%
Le livre saint chrétienBible
88%
Un petit objet décoratifBibelot
73%
Juliette + Get 27 =Biberon
53%
C'est un médecinToubib
44%
Mon amour en arabe (c'est aussi une chanson de Kendji Girac)Habibi
34%
J'y ai une fois trouvé de la compoteBibliothèque
30%
La passion d'AliceBibine
13%
Lorsque que le/la président.e et le/la premier.e ministre sont de deux partis différentsCohabibation
11%
La capitale du KirghizistanBibkek
9%
Le pays du pedantix d'hierLibib
5%
Si Elena était HergéBib en Amérique, Bib au pays de l'or noir, Bib au Tibet, Bib et les Picaros, Bib au congo
3%
La Bibliothèque d'Information Bretonne du MansLe Mans BIB
3%
Le fait d'être attiré.e par les deux sexesÊtre bib
2%

Distribution des résultats

Percentile par nombre de réponses

% des personnes avec chaque résultat

Votre développement - résultats

Vous n’avez pas pris ce quiz